| 000 | 00557nam a22001695i 4500 | ||
|---|---|---|---|
| 001 | 48588 | ||
| 003 | ES-MaACL | ||
| 007 | t| | ||
| 008 | 950725m18621863fr a ||||1| fre d | ||
| 040 |
_aCAM _bspa _cCAM |
||
| 100 | 1 |
_aDeslongchamps, Eugène. _943894 |
|
| 245 | 1 | 0 |
_aEtudes critiques sur des Brachiopodes nouveaux ou peu connus / _cpar Eugène Deslongchamps. |
| 260 |
_aA Caen : _bchez A. Hardel ; _aParis : _bChez Savy, _c1862-1863. |
||
| 300 |
_av., XII h. de lám. ; _c24 cm. |
||
| 505 | 8 | _aContiene los fascículos 1-3 | |
| 852 |
_aES-MaACL _jT-908-F-5 |
||
| 999 |
_c48588 _d48588 |
||